01716cam a2200385 i 4500003000900000005001700009007000300026008004100029020001800070040003000088082001300118100003300131240003900164245009300203264006300296300004300359336002700402337003400429338002800463490001800491500007100509500003600580504003000616504004700646520019000693590002700883600003400910650003000944700004100974910001401015942001401029952013201043952013801175999001701313DO-SdBNP20240301180540.0ta751003s2018 sp cb 001 f spa d a9788430618644 aDO-SdBNPbspacBNPHUerda 4bS8122221 aStedman Jones, Gareth98446310aKarl Marx. Greatness and ilusion /10aKarl Marx : bilusión y grandeza /cGareth Stedman Jones ; traducción Jaime Gollyer  1aMadrid, España :bPenguin randon house, btaurus,c2018. a887 páginasbmapas, retratosc24 cm. 2rdacontentatextobtxt 2rdamediaasin mediación bn 2rdacarrieravolumenbnc1 aBiografías  aIncluye datos biografícos del autor en la solapa de la portada.  aIncluye índice alfabético.  aBibliografía p: 827-849 aBibliografía de ilustraciones p: 851-852 aStedman Jones desarma la doctrina sin desestimar al pensador, cortando los hilos que unen a ambos con la delicadeza de un experto en explosivos. Un logro extraordinario e incomparable.  aInventariado, 2023/ YL10aMarx, Karl,d1818-1883930439 4aMarxismovHistoria9844641 aCollyer, Jaimeetraducción 984436 aYlockward 2ddccLBS1 00102ddc56708GRaBNPHUbBNPHUcCTd2019-02-02eLibrería Cuestal0oBNPHU GR S812p2023-6882r2023-10-11w2023-10-11yLBS1 00102ddc56708GRaBNPHUbBNPHUcCTd2019-02-02eLibrería Cuestal0oBNPHU GR S812p2023-6883r2023-10-11te. 2w2023-10-11yLBS1 c55156d55156